| 000 | 01424nam a2200289Ia 4500 | ||
|---|---|---|---|
| 999 |
_c56288 _d56288 |
||
| 001 | 23401 | ||
| 003 | GE_BSU | ||
| 005 | 20251211201136.0 | ||
| 008 | 181216s1963||||ge |||||||||||||| ||geo|| | ||
| 020 | _a9994077015 | ||
| 040 | _cGE_BSU | ||
| 041 | _ageo | ||
| 080 | _a930(479.22) ლ-85 | ||
| 100 |
_aლომაშვილი, ფარნაოზ _919199 |
||
| 245 |
_aისტორიის ფილოსოფიის ისტორია : 3 ტომად. ტ. 1, ისტორიის ფილოსოფიის წანამძღვრები / _cფარნაოზ ლომაშვილი ; [რედ. ჯიბო ლომაშვილი]. |
||
| 264 |
_aთბილისი : _bივერია, _c2003. |
||
| 300 | _a520 გვ. | ||
| 504 | _aბიბლიოგრაფია: გვ. 512 | ||
| 520 | _aრეზიუმე რუსულ და ინგლისურ ენაზე | ||
| 541 | _h5ლ. | ||
| 653 | _aისტორია | ||
| 653 | _aისტორიის ფილოსოფია | ||
| 653 | _aისტორიის ფილოსოფიის ისტორია : 3 ტომად. ტ. 1 | ||
| 653 | _a ისტორიის ფილოსოფიის წანამძღვრები | ||
| 700 |
_aლომაშვილი, ჯიბო _eრედაქტორი _926460 |
||
| 942 |
_cBK _2udc |
||